000 00256nam a2200109Ia 4500
008 190216s9999||||xx |||||||||||||| ||und||
100 _aSaha Tk
245 0 _aBiostatistics In Theory And Practice
260 _bEmkay Pubs
_c1995
300 _a125p
942 _cBK
999 _c1468
_d1468